000
00337nam a2200133Ia 4500
008
220216s9999 xx 000 0 und d
100
_a
Huat O S
245
0
_a
RRIM 700 series clone trials (Fourth selection) : Fifth report
260
_b
Planters Bulletin
_c
1983
300
_a
64-72
650
_a
Girth
650
_a
Yield
942
_c
JS
999
_c
67320
_d
67320